00810nam a2200205 i 4500001000700000003000900007005001700016008004100033080001200074100002300086245014000109260005900249300002100308490007600329650003300405700002100438710004900459830007300508852002300581180138ES-MaACL20251220171943.0120423s1956 mx |||| | spa d a530.1451 aBroglie, Louis de.13aEl problema de la interpretación causal y objetiva de la física cuántica / cLouis de Broglie ; [traducción de Eli de Gortari]. aMéxico : bUniversidad Nacional de México, c1956. a18 p. ; c22 cm.1 aSeminario de Problemas Científicos y Filosóficos. Suplementos ; v407aMecánica cuántica2embne1 aGortari, Eli de.2 aUniversidad Nacional Autónoma de México.0 aSeminario de Problemas Científicos y Filosóficos. Suplementosv4 aES-MaACLj2297-F-3